000 00494nam a2200157 i 4500
001 44052
003 ES-MaACL
005 20230906160938.0
007 t|
008 030320s1965 sp ||||1| spa d
100 1 _aCazorla Pérez, José.
_937253
245 1 0 _aFactores de la estructura socio-económica de Andalucía Oriental... /
_cJosé Cazorla Pérez.
260 _aGranada :
_bCaja de Ahorros de Granada,
_c1965.
300 _aXII, 597 p. ;
_c24 cm.
852 _aES-MaACL
_jC-28983
_bR.57784
999 _c44052
_d44052